00326pab a2200121 454500008004000000100002800040245005400068260000900122300001300131362001100144650001500155773003400170180718b2012 xxu||||| |||| 00| 0 eng d aMehrotra, Santosh et al aCreating employment in the twelfth five year plan c2012 ap.63-73. a12 May aEmployment aEconomic and Political Weekly